000 00491pab a2200169 454500
008 180718b2010 xxu||||| |||| 00| 0 eng d
100 _aBecchetti, Leonardo
245 _aThe effects of a calamity on income and wellbeing of poor microfinance borrowers: the case of the 2004 Tsunami shock
260 _c2010
300 _ap.211-23.
362 _aFeb
650 _aDisasters
700 _aCastriota, Stefano
773 _aJournal of Development Studies
908 _aN
909 _a86162
999 _c86162
_d86162